Estudio de impacto ambiental de 1537.4 ml de adoquinado de calles y obras de drenaje en los barrios 20 de septiembre, Canta Gallo y esfuerzo número 1 del municipio de Condega, departamento de Estelí
Presenta el estudio de impacto ambiental de 1537.4 ml de adoquinado de calles y obras de drenaje en los barrios 20 de septiembre, Canta Gallo y esfuerzo número 1 del municipio de Condega, departamento de Estelí, en la cual se describen las leyes y decretos que rigen el proyecto, así como la descr...
| Main Authors: | , |
|---|---|
| Other Authors: | |
| Format: | Tesis Section = Libro |
| Language: | Undetermined Spanish |
| Published: |
Managua
UNI
2014
|
| Subjects: |
| LEADER | 01282nam a2200265Ia 4500 | ||
|---|---|---|---|
| 008 | 240830s9999 xx 000 0 und d | ||
| 040 | |a BIBLIOTECA-RUPAP T.Mon 625.85 O-48 | ||
| 041 | |a spa | ||
| 082 | |a T.Mon 625.85 O-48 | ||
| 100 | 1 | |a Olivas Barreda, César Ernesto | |
| 100 | 1 | |b Rizo Tercero, Engels Uriel | |
| 245 | 1 | 0 | |a Estudio de impacto ambiental de 1537.4 ml de adoquinado de calles y obras de drenaje en los barrios 20 de septiembre, Canta Gallo y esfuerzo número 1 del municipio de Condega, departamento de Estelí |
| 260 | |a Managua |b UNI |c 2014 | ||
| 300 | |a 79 p. :il. | ||
| 500 | |a Contiene: anexos. | ||
| 502 | |a Tesis (Ingeniero Civil)- UNI, 2014. | ||
| 520 | 3 | |a Presenta el estudio de impacto ambiental de 1537.4 ml de adoquinado de calles y obras de drenaje en los barrios 20 de septiembre, Canta Gallo y esfuerzo número 1 del municipio de Condega, departamento de Estelí, en la cual se describen las leyes y decretos que rigen el proyecto, así como la descripción del sitio y sus alrededores. | |
| 650 | 7 | |a PAVIMENTOS | |
| 650 | 7 | |b PAVIMENTOS DE HORMIGON | |
| 650 | 7 | |c CALLES – DISEÑO Y CONSTRUCCION | |
| 650 | 7 | |d ESTUDIO DE IMPACTO AMBIENTAL | |
| 700 | 1 | |a Tutor: |b Ocampo Elvir, Gustavo Adolfo | |
| 942 | |c BK |2 ddc | ||
| 991 | |a TESIS | ||
| 999 | |c 18388 | ||